Hlavný odborník pre diabetológiu radí nás sa to (zatiaľ) netýka?

Bibliographic Details
Main Author: Michálek, Jozef, 1949- (Author)
Format: Article
Language:Slovak
PhysicalDescription:Fotogr.
ISSN:1336-0426
Subjects:

MARC

LEADER 00000nab a2200000 a 4500
001 vtls000854025
003 SK-MaSNL
005 20260304122704.0
008 250429c2003 xo 0 slo
015 |a SNBRB2003/12-35373 
035 |a CLN000205680 
035 |a urn:nbn:sk:snk-ab6x0q 
035 |a (uuid)c7c688e0-602e-45ae-b828-32d53ac5965a 
035 |a (urnnbn)urn:nbn:sk:snk:ar-a063ro 
035 |a (sysno)vtls000854025 
040 |a SNKBUCL  |b slo  |c SNKBUCL  |e AACR2 
041 0 |a slo 
044 |a xo  |c SK 
080 |a 616.379-008.64-053.2/.7  |2 1997 
100 1 |a Michálek, Jozef,  |d 1949-  |4 aut  |9 25736 
245 1 0 |a Hlavný odborník pre diabetológiu radí  |b nás sa to (zatiaľ) netýka?  |c Jozef Michálek 
300 |b Fotogr. 
650 0 7 |a diabetes mellitus  |x diagnostika  |x prevencia a kontrola  |x adolescent  |x dieťa  |2 MESH  |9 1429806 
650 0 7 |a výchova a poučenie pacientov  |x adolescent  |x dieťa  |2 MESH  |9 1429807 
650 0 7 |a zlyhanie obličiek  |x komplikácie  |2 MESH  |9 1055297 
650 0 7 |a vyšetrenie moču  |x využitie  |x adolescent  |x dieťa  |2 MESH  |9 1429808 
655 7 |a články z novín a časopisov  |2 snkbucl  |9 267496 
773 0 |t Diabetik  |g Roč. 2, č. 3 (2003), s. 11  |x 1336-0426 
850 |a Slovenská národná knižnica 
852 |a Slovenská národná knižnica 
954 |a odborná, vedecká literatúra pôvodná (slovenská)  |2 lita 
958 |a article27 
958 |a MI 
958 |a OND 
958 |a EUIPO 
992 |a RBX 
999 |c 2888696  |d 2890626